Modelové prístupy v strategickom finančnom plánovaní
Na minha lista:
| Autor principal: | |
|---|---|
| Autor Corporativo: | |
| Outros Autores: | , , , |
| Formato: | Livro |
| Idioma: | eslovaco |
| Publicado em: |
Bratislava
Vydavateľstvo EKONÓM
2003
|
| Assuntos: | |
| Tags: |
Sem tags, seja o primeiro a adicionar uma tag!
|
MARC
| LEADER | 00000nam$a2200000$$$4500 | ||
|---|---|---|---|
| 001 | 0003818 | ||
| 005 | 20240502071347.1 | ||
| 020 | |a 80-225-1756-9 | ||
| 041 | 0 | |a slo | |
| 044 | |a SK | ||
| 245 | 1 | 0 | |a Modelové prístupy v strategickom finančnom plánovaní |c Tatiana Varcholová a kolektív |
| 264 | 1 | |a Bratislava |b Vydavateľstvo EKONÓM |c 2003 | |
| 300 | |a 78 s. | ||
| 610 | 2 | 0 | |a plánovanie finančné |
| 610 | 2 | 0 | |a plánovanie strategické |
| 610 | 2 | 0 | |a ciele podnikové |
| 610 | 2 | 0 | |a politika finančná |
| 610 | 2 | 0 | |a modely |
| 610 | 2 | 0 | |a využitie počítačov |
| 100 | 1 | |a Varcholová, Tatiana | |
| 700 | 1 | |a Bobáková, Viktória | |
| 700 | 1 | |a Rimarčík, Marián | |
| 700 | 1 | |a Liberko, Igor | |
| 700 | 1 | |a Marušin, Ján | |
| 710 | 2 | |a Ekonomická univerzita v Bratislave. Podnikovohospodárska fakulta so sídlom v Košiciach | |